[Event "Ghent Taminco op 31st"]
[Site "Ghent"]
[Date "2008.07.19"]
[Round "2"]
[White "Heynen, Koen"]
[Black "Schebler, Gerhard"]
[Result "0-1"]
[WhiteElo "2027"]
[BlackElo "2453"]
[PlyCount "58"]
[EventDate "2008.07.19"]
[EventType "swiss"]
[EventRounds "9"]
[EventCountry "BEL"]
[SourceTitle "CBM 125 Extra"]
[Source "ChessBase"]
[SourceDate "2008.09.01"]
[SourceVersion "1"]
[SourceVersionDate "2008.09.01"]
[SourceQuality "1"]

1. e4 c5 2. d4 cxd4 3. c3 d3 4. c4 g6 5. Bxd3 Nc6 6. Nf3 d6 7. Nc3 Bg7 8. 0-0 Bg4 9. h3 Bxf3 10. Qxf3 Nf6 11. Qe2 0-0 12. Bg5 Rc8 13. b3 Qa5 14. Bd2 Nh5 15. Rac1 Nf4 16. Qe3 Bh6 17. Kh1 Qh5 18. g4 Qh4 19. Qg3 Qxg3 20. fxg3 Nxd3 21. Bxh6 Nxc1 22. Bxf8 Nxa2 23. Nxa2 Kxf8 24. Nc3 Na5 25. Rb1 a6 26. Nd5 h6 27. h4 e6 28. Nc3 Ke7 29. Kg2 Rc6 0-1

[Event "Leuven op 19th"]
[Site "Leuven"]
[Date "2007.??.??"]
[Round "6"]
[White "Sarrau, Jelle"]
[Black "Heynen, Koen"]
[Result "1/2-1/2"]
[WhiteElo "2185"]
[BlackElo "2035"]
[PlyCount "82"]
[EventDate "2007.11.??"]
[EventType "swiss"]
[EventRounds "7"]
[EventCountry "BEL"]
[SourceTitle "EXT 2010"]
[Source "ChessBase"]
[SourceDate "2010.11.25"]
[SourceVersion "1"]
[SourceVersionDate "2010.11.25"]
[SourceQuality "1"]

1. e4 c5 2. Nc3 d6 3. g3 g6 4. Bg2 Bg7 5. d3 e6 6. Be3 Nc6 7. Qd2 a6 8. Nge2 b5 9. 0-0 Rb8 10. Nd1 Qa5 11. e5 d5 12. Qxa5 Nxa5 13. Bxc5 Bxe5 14. Bd4 Nc6 15. Bxe5 Nxe5 16. Nd4 Ne7 17. Re1 N5c6 18. Nxc6 Nxc6 19. Bxd5 Nd4 20. Rc1 0-0 21. Bg2 Bb7 22. Bxb7 Rxb7 23. Kg2 Rc7 24. Ne3 Rfc8 25. c3 Kg7 26. Rcd1 Nc6 27. d4 Ne7 28. a3 Rd8 29. f4 f6 30. Re2 Kf7 31. Kf2 Nd5 32. Nxd5 Rxd5 33. Ke3 Ke7 34. Kd3 Kd7 35. Rc1 Rd6 36. c4 bxc4+ 37. Rxc4 Rxc4 38. Kxc4 Rc6+ 39. Kd3 Rc1 40. Rc2 Rd1+ 41. Kc4 Kd6 1/2-1/2

[Event "Geraardsbergen op"]
[Site "Geraardsbergen"]
[Date "2003.08.15"]
[Round "3"]
[White "Jaquet, Reinier"]
[Black "Heynen, Koen"]
[Result "0-1"]
[WhiteElo "1799"]
[BlackElo "2106"]
[PlyCount "78"]
[EventDate "2003.08.??"]
[EventType "swiss"]
[EventRounds "7"]
[EventCountry "BEL"]
[SourceTitle "EXT 2005"]
[Source "ChessBase"]
[SourceDate "2004.11.15"]
[SourceVersion "1"]
[SourceVersionDate "2004.11.15"]
[SourceQuality "1"]

1. e4 c5 2. Nf3 d6 3. Bb5+ Nc6 4. 0-0 Bd7 5. c3 Qb6 6. Ba4 Nf6 7. Re1 e6 8. d4 Be7 9. d5 Nd8 10. c4 e5 11. Nc3 0-0 12. a3 a6 13. Rb1 Qc7 14. h3 Ne8 15. Bc2 g6 16. Bh6 Ng7 17. g4 Qc8 18. Kh2 f6 19. Qd2 Nf7 20. Rg1 Bd8 21. Ne2 Rb8 22. b3 Ba5 23. Qe3 b5 24. Ng3 Bd8 25. Nd2 Ba5 26. Nf3 Bd8 27. Nd2 Be7 28. Rg2 Kh8 29. Rbg1 Rg8 30. h4 Bxg4 31. Bxg7+ Rxg7 32. Nf5 Bxf5 33. exf5 g5 34. hxg5 Rxg5 35. Rxg5 Nxg5 36. f4 Nf7 37. Qg3 Qf8 38. Nf3 Nh6 39. Nh4 exf4 0-1

[Event "Geraardsbergen op"]
[Site "Geraardsbergen"]
[Date "2003.08.14"]
[Round "2"]
[White "Heynen, Koen"]
[Black "Piceu, Tom"]
[Result "0-1"]
[WhiteElo "2106"]
[BlackElo "2344"]
[PlyCount "78"]
[EventDate "2003.08.??"]
[EventType "swiss"]
[EventRounds "7"]
[EventCountry "BEL"]
[SourceTitle "EXT 2005"]
[Source "ChessBase"]
[SourceDate "2004.11.15"]
[SourceVersion "1"]
[SourceVersionDate "2004.11.15"]
[SourceQuality "1"]

1. e4 c5 2. d4 cxd4 3. c3 dxc3 4. Nxc3 e6 5. Bc4 a6 6. a4 Qc7 7. Qe2 Nc6 8. Nf3 Nge7 9. 0-0 Ng6 10. Rd1 Be7 11. Be3 0-0 12. g3 b6 13. h4 Bb7 14. h5 Nge5 15. Bb3 Nxf3+ 16. Qxf3 Rfd8 17. Rac1 Bc5 18. h6 Qe5 19. Bf4 Qf6 20. e5 Qe7 21. hxg7 Na5 22. Qxb7 Nxb7 23. Ne4 d5 24. Nf6+ Kxg7 25. Kg2 Rh8 26. Rh1 h5 27. Rxh5 Rxh5 28. Nxh5+ Kf8 29. Nf6 Qc7 30. Bg5 Qc6 31. Rh1 Ke7 32. Rh7 Rf8 33. f3 Kd8 34. Bh6 Na5 35. Bd1 Nc4 36. Be2 Nxe5 37. b3 Be7 38. Bg5 Qc2 39. Kf2 d4 0-1